Medzištátne dohovory a dohody 5. Poľská ľudová republika

Bibliographic Details
Format: Article
Language:Slovak
Subjects:

MARC

LEADER 00000nab a2200000 a 4500
001 vtls000335276
003 SK-MaSNL
005 20260303200136.0
008 111201c1988 xo 0 slo
015 |a SNBRB19rr/mm-uuuuu 
035 |a CL0335398 
040 |a SNKBUCL  |b slo  |c SNKBUCL  |e AACR2 
041 0 |a slo 
044 |a xo  |c SK 
080 |a 368  |2 1981 
080 |a 362  |2 1981 
080 |a 340.133  |2 1981 
245 0 0 |a Medzištátne dohovory a dohody 5. Poľská ľudová republika 
650 0 7 |a nemocenské poistenie  |2 snkbucl  |9 67734 
650 0 7 |a sociálne zabezpečenie  |2 snkbucl  |9 3720 
650 0 7 |a ČSSR  |2 snkbucl  |9 335647 
650 0 7 |a PĽR  |2 snkbucl  |9 923973 
655 7 |a články z novín a časopisov  |2 snkbucl  |9 267496 
773 0 |t Národné poistenie  |g Roč. 20, č. 7 (1988), s. 8-9 
850 |a Slovenská národná knižnica v Martine  |a MTA001 
852 |a SNK  |b KIS3GCP 
958 |a RK 
992 |a RBX 
999 |c 2166607  |d 2168537